<?xml version="1.0" encoding="UTF-8"?>
<marc:record xmlns:marc="http://www.loc.gov/MARC21/slim">
   <marc:leader>00000nam a2200000 a 4500</marc:leader>
   <marc:datafield ind1="1" ind2=" " tag="100">
      <marc:subfield code="a">Mayer, Gina</marc:subfield>
      <marc:subfield code="4">aut</marc:subfield>
      <marc:subfield code="e">Verfasser/-in</marc:subfield>
   </marc:datafield>
   <marc:datafield ind1=" " ind2=" " tag="653">
      <marc:subfield code="a">Fantasy</marc:subfield>
   </marc:datafield>
   <marc:datafield ind1=" " ind2=" " tag="653">
      <marc:subfield code="a">Kinderbuch</marc:subfield>
   </marc:datafield>
   <marc:datafield ind1=" " ind2=" " tag="653">
      <marc:subfield code="a">Antolin Klasse-5</marc:subfield>
   </marc:datafield>
   <marc:datafield ind1="0" ind2="0" tag="245">
      <marc:subfield code="a">Internat der bösen Tiere: Der Verrat</marc:subfield>
   </marc:datafield>
   <marc:datafield ind1=" " ind2="1" tag="264">
      <marc:subfield code="b">Ravensburger Verlag GmbH</marc:subfield>
      <marc:subfield code="c">2021</marc:subfield>
   </marc:datafield>
   <marc:datafield ind1="1" ind2=" " tag="490">
      <marc:subfield code="a">Internat der bösen Tiere</marc:subfield>
   </marc:datafield>
   <marc:datafield ind1="1" ind2=" " tag="520">
      <marc:subfield code="a">Das Internat der bösen Tiere hat einen eindrucksvollen neuen Direktor: den majestätischen Löwen Mr. Simbaroi. Doch gleich bei seiner Antrittsrede verkündet er etwas Schreckliches: Jedes Team, das bei einem Schulprojekt voller schwerer Rätsel und sportlicher Herausforderungen versagt, muss die Inseln für immer verlassen. Für Noel und seinen schweigsamen Teampartner Mikaere sieht es von Anfang an schlecht aus, denn sie haben einen mächtigen Gegenspieler. Ein Verräter schickt sie schon bei der ersten Challenge ins Land der Träume.

Der vierte Band der packenden Abenteuerreihe von Bestseller-Autorin Gina Mayer für Jungs und Mädchen ab 10 Jahre
(Quelle: dnb)</marc:subfield>
   </marc:datafield>
   <marc:datafield ind1=" " ind2=" " tag="020">
      <marc:subfield code="a">9783473408559</marc:subfield>
      <marc:subfield code="9">9783473408559</marc:subfield>
   </marc:datafield>
</marc:record>
